|
|
|
|
| LEADER |
00000cam a2200000 7i4500 |
| 001 |
0000074921 |
| 005 |
20111010093000.0 |
| 008 |
110628s2011 ua ara |
| 020 |
|
|
|a 9789773287243
|
| 050 |
0 |
0 |
|a HV6074
|b .A85 2011
|
| 090 |
0 |
0 |
|a HV6074
|b .A85 2011
|
| 100 |
1 |
|
|a عطية، طارق إبراهيم الدسوقي ,
|e author
|
| 241 |
1 |
2 |
|a al-Basimat wa-atharuha fi al-ithbat al-jana'i
|
| 245 |
1 |
2 |
|a البصمات وأثرها في الإثبات الجنائي
|c طارق إبراهيم الدسوقي عطية
|
| 260 |
|
|
|a al-Iskandariyah :
|b Dar al-Jami'ah al-Jadidah ,
|c 2011
|
| 300 |
|
|
|a 558 p. :
|b ill. ;
|c 24 cm.
|
| 504 |
|
|
|a Includes bibliographical references (p. 545-549)
|
| 650 |
|
0 |
|a Evidence, Criminal
|
| 650 |
|
0 |
|a Fingerprints
|
| 999 |
|
|
|a 1000142056
|b Book
|c OPEN SHELF (30 DAYS)
|e Gong Badak Campus
|